000 00594nam a2200241 a 4500
001 nice12345678
003 IN_TiNIC
005 20260116015127.0
008 050524s1968 mada grp 000 0 eng
020 _a
_c100
082 0 0 _a221.6
_bROT
100 _aRoth, Wolfgang M W
245 _aOld Testament Theology.
260 _aMadras
_bChristian Literature Society
_c1968
300 _a249p
500 _aincludes index and biblioraphy
505 2 _aGlossary
650 _aBible O.T. Theology
700 1 _aRoth, Wolfgang M W
902 _bSRS
942 _cBK
999 _c18413
_d18413